Balneológia a balneoterapia

Bibliographic Details
Main Author: Ďurianová, Jitka, 1931- (Author)
Format: Article
Language:Slovak
Subjects:

MARC

LEADER 00000nab a2200000 a 4500
001 vtls000029831
003 SK-MaSNL
005 20260304172052.0
008 220422c1979 xo 0 slo
015 |a SNBRB19rr/mm-uuuuu 
035 |a CL0039925 
040 |a SNKBUCL  |b slo  |c SNKBUCL  |e AACR2 
041 0 |a slo 
044 |a xo  |c SK 
080 |a 615.8  |2 1981 
100 1 |a Ďurianová, Jitka,  |d 1931-  |4 aut  |9 596409 
245 1 0 |a Balneológia a balneoterapia  |c Jitka Ďurianová 
650 0 7 |a balneológia  |2 snkbucl  |9 4393 
650 0 7 |a balneoterapia  |2 snkbucl  |9 1141 
655 7 |a články z novín a časopisov  |2 snkbucl  |9 267496 
773 0 |t Slovenské kúpele  |g Roč. 21, č. 2 (1979), s. 12 
850 |a Slovenská národná knižnica v Martine  |a MTA001 
852 |a SNK  |b KIS3GCP 
958 |a RK 
958 |a ME 
992 |a RBX 
999 |c 2996421  |d 2998351